Po's emploi - Statistiques

Statistiques générales
  • Ce quiz a été pris 9 fois
  • Le résultat moyen est 9 sur 14
Statistiques - réponses
Indice Réponse % Correct
Cycliste ayant déjà révisé son mémoire pour l'INSP Raphaël
100%
Columérin de 17 ans ayant eu le concours après la chute de sa première dent de lait Gabin
80%
Un bordelais supporter du real et pourtant possesseur du maillot de city Julien
80%
Le meilleur, tout simplement Julien Azémard
80%
Nomade provençal qui a décidé de vivre koh lanta à Toulouse Louis
80%
Haut savoyard à demi savoyard originaire en réalité d'Angleterre Vincent
80%
Francilien connaissant tous les trucs et astuces pour frauder les transports en commun Yoan
80%
Toujours le meilleur Julien Azemard
60%
Il a autant d'heures de révision que le meilleur de litres de bières consommés Desailly
40%
Impossible de dire où il habite De Sangues
40%
Il casse le mur du son en karting Dupont
40%
Le chauffeur de bus Gruson
40%
Try harder à quasiment tous les jeux de l'univers Séjourné
40%
Croyant invétéré et aveuglé par sa foi Valax
40%
Aucun quiz correspondant
Distribution des résultats
% des personnes avec chaque résultat
Percentile par nombre de réponses
Votre historique - résultats
Vous n’avez pas pris ce quiz